000 00761 a2200205 4500
001 133865
020 _a85-262-0037-2
040 _cLeonardo Da Vinci
041 _aPortuguês
082 _a744 L851d
_bL851d
100 _aLOPES, Elizabeth Teixeira
_aKANEGAE, Cecília Fujiko
245 _aDesenho geométrico
250 _av.3
260 _bScipione
_c199-
_aSão Paulo
300 _a112
362 _a199-0000
500 _aLivro do Professor
697 _aDesenho Geométrico
_aReta
_aMediatriz
_aSegmento
_aOperação
_aÂngulo
_aClassificação
_aConceito
_aBissetriz
_aTriângulo
_aCeviana
_aOrtocentro
_aBaricentro
_aIncentro
_aCircuncentro
_aCircunferência
_aQuadrilátero
_aParalelogramo
_aTrapézio
_aLugar Geométrico
_aTangência
_aEnsino Médio
942 _cBK
999 _c133865
_d133865